Statistics for Stock Symbols Quiz #2

Click here to take the quiz!

General Stats

  • This quiz has been taken 2,825 times
    (2,814 since last reset)
  • The average score is 15 of 32

Answer Stats

SymbolCompany% Correct
YHOOYahoo!
98%
GOOGGoogle
97%
AMZNAmazon
96%
GMGeneral Motors
90%
GEGeneral Electric
88%
NFLXNetflix
81%
JCPJC Penney
77%
FDXFedEx
76%
ORCLOracle
75%
VZVerizon
71%
PEPPepsico
69%
XRXXerox
64%
KFTKraft
61%
TGTTarget
58%
QCOMQualcomm
56%
PFEPfizer
35%
BACBank of America
33%
WENWendys
33%
WFCWells Fargo
27%
MMacy's
25%
BIDUBaidu
22%
WAGWalgreen Co.
22%
RIMMResearch in Motion
20%
ABTAbbott Laboratories
19%
DALDelta Air
17%
CVXChevron
16%
SSprint
14%
COPConoco Phillips
10%
PCLNPriceline.com
10%
WFMWhole Foods Market
10%
LVSLas Vegas Sands
9%
DPSDr. Pepper Snapple
8%

Score Distribution

Percentile by Number Answered

Percent of People with Each Score

Your Score History

You have not taken this quiz since the last reset